<?xml version="1.0" encoding="UTF-8"?>
<record
    xmlns:xsi="http://www.w3.org/2001/XMLSchema-instance"
    xsi:schemaLocation="http://www.loc.gov/MARC21/slim http://www.loc.gov/standards/marcxml/schema/MARC21slim.xsd"
    xmlns="http://www.loc.gov/MARC21/slim">

  <leader>00474nam a22001457a 4500</leader>
  <controlfield tag="005">20150311152940.0</controlfield>
  <controlfield tag="008">150311b        xxu||||| |||| 00| 0 eng d</controlfield>
  <datafield tag="040" ind1=" " ind2=" ">
    <subfield code="c">PK-LaUMT</subfield>
  </datafield>
  <datafield tag="082" ind1=" " ind2=" ">
    <subfield code="a">KHC 301.95491</subfield>
    <subfield code="b">SHA-P</subfield>
  </datafield>
  <datafield tag="100" ind1=" " ind2=" ">
    <subfield code="a">&#x634;&#x627;&#x6C1;&#x62F; &#x645;&#x633;&#x639;&#x648;&#x62F; &#x62E;&#x679;&#x6A9;</subfield>
  </datafield>
  <datafield tag="245" ind1=" " ind2=" ">
    <subfield code="a">&#x67E;&#x627;&#x6A9;&#x633;&#x62A;&#x627;&#x646;&#x6CC; &#x645;&#x639;&#x627;&#x634;&#x631;&#x6C1;</subfield>
    <subfield code="b">&#x627;&#x633;&#x627;&#x633;&#x60C; &#x642;&#x648;&#x645;&#x6CC;&#x62A;&#x6CC;&#x6BA;&#x60C; &#x645;&#x632;&#x6C1;&#x628;&#x60C; &#x637;&#x628;&#x642;&#x627;&#x62A;</subfield>
    <subfield code="c">&#x634;&#x627;&#x6C1;&#x62F; &#x645;&#x633;&#x639;&#x648;&#x62F; &#x62E;&#x679;&#x6A9;</subfield>
  </datafield>
  <datafield tag="260" ind1=" " ind2=" ">
    <subfield code="a">&#x644;&#x627;&#x6C1;&#x648;&#x631;</subfield>
    <subfield code="b">&#x634;&#x631;&#x6A9;&#x62A; &#x67E;&#x631;&#x646;&#x679;&#x646;&#x6AF; &#x67E;&#x631;&#x6CC;&#x633;</subfield>
    <subfield code="c">2004</subfield>
  </datafield>
  <datafield tag="300" ind1=" " ind2=" ">
    <subfield code="a">176 &#x635;</subfield>
  </datafield>
  <datafield tag="942" ind1=" " ind2=" ">
    <subfield code="c">BK</subfield>
  </datafield>
  <datafield tag="999" ind1=" " ind2=" ">
    <subfield code="c">67730</subfield>
    <subfield code="d">67730</subfield>
  </datafield>
  <datafield tag="952" ind1=" " ind2=" ">
    <subfield code="0">0</subfield>
    <subfield code="1">0</subfield>
    <subfield code="4">0</subfield>
    <subfield code="7">0</subfield>
    <subfield code="a">01</subfield>
    <subfield code="b">01</subfield>
    <subfield code="d">2015-03-11</subfield>
    <subfield code="l">2</subfield>
    <subfield code="o">KHC 301.95491 SHA-P</subfield>
    <subfield code="p">68677</subfield>
    <subfield code="r">2017-04-17 00:00:00</subfield>
    <subfield code="s">2017-03-31</subfield>
    <subfield code="w">2015-03-11</subfield>
    <subfield code="y">BK</subfield>
  </datafield>
</record>
